000 00847nam0a22002651 4500
001 rc\606244
005 20031121163649.8
035 _a(NLR Aleph) 005850334
090 _a5771986
_c5771986
100 _a20031121d1986 u |0rusy50 ca
101 0 _arus
102 _aRU
105 _aa |||||||||
200 1 _aБиомеханика физических упражнений
210 _aКиев
_cРад. шк.
_d1986
215 _a133, [2] с.
_cил.
_d22
320 _aБиблиогр.: с. 133-134 (50 назв.)
320 _aБиблиогр. в примеч.: с. 132
700 1 _aЛапутин
_bА. Н.
_gАнатолий Николаевич
701 1 _aХапко
_bВ. Е.
_gВячеслав Ефимович
801 0 _aRU
_bNLR
_gpsbo
801 1 _aRU
_bELAR
_2rusmarc
852 _aNLR
_j85-5/7526
942 _cBOOK
980 _aNB